Historia económica del trabajo: siglos XIX y XX

Salvato in:
Dettagli Bibliografici
Autore principale: Arenas Posadas, Carlos (Autore)
Natura: Libro
Lingua:spagnolo
Pubblicazione: Madrid Tecnos 2003
Serie:Ciencias del Trabajo
Soggetti:
Tags: Aggiungi Tag
Nessun Tag, puoi essere il primo ad aggiungerne!!

MARC

LEADER 00000nam a2200000 a 4500
001 UCK7685
003 CL-VaPUC
008 051202e20030000SP |||||||||||||||||spa|d
020 |a 8430940626 
082 0 4 |a 331.01  |b ARE  |2 21 
100 0 |a Arenas Posadas, Carlos  |e author  |9 497226 
245 1 0 |a Historia económica del trabajo: siglos XIX y XX 
300 |a 317 p 
942 |c BK 
945 |d 20051202 00:00:00  |a cmena 
260 |a Madrid  |b Tecnos  |c 2003 
650 7 |a HISTORIA DEL TRABAJO  |2 CL-VaPUC  |9 469069 
650 0 |a Capitalismo  |9 255255 
650 0 |a Mercado laboral   |9 375911 
650 0 |a Oferta y demanda  |9 255571 
650 0 |a Desarrollo económico y social   |9 256320 
583 |a last modification  |c 20121002 11:33:17  |k Rodrigo Vera 
490 0 |a Ciencias del Trabajo 
999 |c 315536  |d 315534 
952 |0 0  |1 0  |4 0  |6 331_010000000000000_ARE_2003  |7 0  |8 A  |9 388868  |a BIBDER  |b BIBDER  |d 2019-11-22  |i 4181816  |o 331.01 ARE 2003  |p 4181816  |r 2023-01-25  |w 2019-11-22  |y BK  |k DER